Economía y sociedad / (Registro nro. 5338)
[ vista simple ]
| 000 -LEADER | |
|---|---|
| fixed length control field | 01145nam a2200265Ia 4500 |
| 003 - CONTROL NUMBER IDENTIFIER | |
| control field | OSt |
| 005 - DATE AND TIME OF LATEST TRANSACTION | |
| control field | 20200606235024.0 |
| 008 - FIXED-LENGTH DATA ELEMENTS--GENERAL INFORMATION | |
| fixed length control field | 191128s1944 mx fr 001 0 spa d |
| 040 ## - CATALOGING SOURCE | |
| Original cataloging agency | CO-JMCR |
| Transcribing agency | CO-JMCR |
| 041 0# - LANGUAGE CODE | |
| Language code of text/sound track or separate title | spa |
| 082 04 - DEWEY DECIMAL CLASSIFICATION NUMBER | |
| Classification number | 330.01 / |
| Item number | W212e |
| Edition number | 23 |
| 100 1# - MAIN ENTRY--PERSONAL NAME | |
| Personal name | Weber, Max, |
| Relator term | autor |
| 9 (RLIN) | 1751 |
| 245 10 - TITLE STATEMENT | |
| Title | Economía y sociedad / |
| Statement of responsibility, etc. | Max Weber |
| 250 ## - EDITION STATEMENT | |
| Edition statement | Primera edición |
| 260 ## - PUBLICATION, DISTRIBUTION, ETC. | |
| Place of publication, distribution, etc. | México : |
| Name of publisher, distributor, etc. | Fondo de Cultura Económica, |
| Date of publication, distribution, etc. | 1944 |
| 300 ## - PHYSICAL DESCRIPTION | |
| Extent | 4 volumenes ; |
| Dimensions | 23 cm. |
| 490 0# - SERIES STATEMENT | |
| Series statement | Grandes estudios. Sociología |
| 500 ## - GENERAL NOTE | |
| General note | Incluye índice analítico |
| 505 0# - FORMATTED CONTENTS NOTE | |
| Miscellaneous information | v.1 |
| Title | Teoría de la organización social / |
| Statement of responsibility | traducción y nota preliminar por José Medina Echavarría. |
| Miscellaneous information | v.2 |
| Title | Tipos de comunidad y sociedad / |
| Statement of responsibility | versión directa por Juan Roura Parella |
| Miscellaneous information | v.3 |
| Title | Tipos de comunidad y sociedad / |
| Statement of responsibility | versión directa por Eduardo García Maynes y Eugenio Imaz |
| Miscellaneous information | v.4 |
| Title | Tipos de dominación / |
| Statement of responsibility | versión directa por José Ferrater Mora<br/> |
| 650 14 - SUBJECT ADDED ENTRY--TOPICAL TERM | |
| Topical term or geographic name entry element | Economía política |
| 9 (RLIN) | 5163 |
| 650 14 - SUBJECT ADDED ENTRY--TOPICAL TERM | |
| Topical term or geographic name entry element | Sociología del trabajo |
| 9 (RLIN) | 5164 |
| 650 14 - SUBJECT ADDED ENTRY--TOPICAL TERM | |
| Topical term or geographic name entry element | Economía del trabajo |
| 9 (RLIN) | 5165 |
| 700 1# - ADDED ENTRY--PERSONAL NAME | |
| Personal name | Ferrater Mora, José, |
| Relator term | traductor |
| 9 (RLIN) | 5166 |
| 942 ## - ADDED ENTRY ELEMENTS (KOHA) | |
| Source of classification or shelving scheme | Dewey Decimal Classification |
| Koha item type | Books |
| Withdrawn status | Lost status | Source of classification or shelving scheme | Damaged status | Not for loan | Collection code | Home library | Current library | Date acquired | Source of acquisition | Cost, normal purchase price | Total Checkouts | Full call number | Barcode | Date last seen | Copy number | Koha item type | Price effective from |
|---|---|---|---|---|---|---|---|---|---|---|---|---|---|---|---|---|---|
| Dewey Decimal Classification | Non-fiction | Biblioteca Pública José María del Castillo y Rada | Biblioteca Pública José María del Castillo y Rada | 04/15/2018 | Donación | 0.00 | 330.01 / W212e | 430001729 | 05/16/2024 | V.4 / Ej.1 | Books | ||||||
| Dewey Decimal Classification | Non-fiction | Biblioteca Pública José María del Castillo y Rada | Biblioteca Pública José María del Castillo y Rada | 04/15/2018 | Donación | 0.00 | 330.01 / W212e | 430001726 | 05/16/2024 | V.1 / Ej.1 | Books | 06/06/2020 | |||||
| Dewey Decimal Classification | Non-fiction | Biblioteca Pública José María del Castillo y Rada | Biblioteca Pública José María del Castillo y Rada | 04/15/2018 | Donación | 0.00 | 330.01 / W212e | 430001727 | 05/16/2024 | V.2 / Ej.1 | Books | 06/07/2020 | |||||
| Dewey Decimal Classification | Non-fiction | Biblioteca Pública José María del Castillo y Rada | Biblioteca Pública José María del Castillo y Rada | 04/15/2018 | Donación | 0.00 | 330.01 / W212e | 430001728 | 05/16/2024 | V.3 / Ej.1 | Books | 06/07/2020 |